000 00416nam a2200145 i 4500
001 23803
003 ES-MaACL
007 t|
008 021212s1978 sp ||||1| spa d
100 1 _aAmilibia Matxinbarrena, Miguel de.
_921254
245 1 4 _aLos batallones de Euskadi /
_cMiguel de Amilibia.
260 _aSan Sebastián :
_bTxertoa,
_c[1978]
300 _a223 p. ;
_c22 cm.
852 _aES-MaACL
_jG-4344
_bR.99917
999 _c23803
_d23803